[Event "Maarssen OKU op-B"]
[Site "Maarssen"]
[Date "2013.06.01"]
[Round "3"]
[White "Van Amerongen, Judith"]
[Black "Kaastra, Gosse"]
[Result "1-0"]
[WhiteElo "1643"]
[BlackElo "1457"]
[PlyCount "37"]
[EventDate "2013.05.31"]
[EventType "swiss"]
[EventRounds "6"]
[EventCountry "NED"]
[SourceTitle "EXT 2015"]
[Source "ChessBase"]
[SourceDate "2014.11.20"]
[SourceVersion "1"]
[SourceVersionDate "2014.11.20"]
[SourceQuality "1"]

1. f4 Nf6 2. Nf3 b6 3. e3 Bb7 4. Be2 e6 5. b3 Nc6 6. Bb2 d5 7. 0-0 Bd6 8. Qe1 Qe7 9. a4 h6 10. Nc3 g5 11. Nb5 gxf4 12. Nxd6+ cxd6 13. Bb5 a6 14. Bxc6+ Bxc6 15. Nd4 Rc8 16. Rxf4 e5 17. Nf5 Qd7 18. Ng7+ Ke7 19. Qh4 1-0